00397nam a22001337a 4500020001800000082001500018100002100033245005200054260004600106300002300152500002000175650002800195700004000223 a9788131733325 a621.31 SIV aSivanagaraju, S. aGeneration and utilization of electrical energy aNew Delhi, IndiabPearson Educationc2010 axv, 569 p.bill. ; aIncludes index. aElectrical engineering. aReddy, M. Balasubba and Srilatha D.